000 00561nam a22001817a 4500
005 20231115135608.0
008 231115b |||||||| |||| 00| 0 eng d
020 _a0702165484
041 _aEnglish
082 _a344.1 ESS
100 _aDupper, O et al.
_lEnglish
245 _aEssential Employment Discrimination Law /
_cO Dupper et al.
250 _aFirst Edition
260 _aCape Town :
_bJuta and Company Ltd,
_c2004
300 _bxxiv, 335 pages ;
_c25,5 cm.
650 _aLegal practice
_bLaw
942 _cBK
_6ALISON_BN_VRIES
999 _c688
_d688